An introduction to biochemistry (Record no. 2026)
[ view plain ]
| 000 -LEADER | |
|---|---|
| fixed length control field | 00430cam a2200133 4500 |
| 020 ## - ISBN | |
| International Standard Book Number | 0854040161 |
| 050 00 - LIBRARY OF CONGRESS CALL NUMBER | |
| Classification Number | QP 514.2 |
| Item Number | .B76 |
| 100 1# - MAIN ENTRY--Author | |
| Personal name | Brown, Eric Gradwell. |
| 245 13 - TITLE | |
| Title | An introduction to biochemistry |
| Statement of responsibility, etc | [by] E. G. Brown. |
| 260 ## - PUBLICATION, DISTRIBUTION, ETC.(IMPRINT) | |
| Place of publication, distribution, etc | London, |
| Name of publisher, distributor, etc | Royal Institute of Chemistry; Letchworth, Distributed by the Chemical Society Publications Sales Office, |
| Date of publication, distribution, etc | 1971. |
| 300 ## - PHYSICAL DESCRIPTION | |
| Extent | iii, 112 p. |
| 650 #0 - SUBJECT--TOPIC | |
| General subdivision | biochemistry |
| 942 ## - ADDED ENTRY ELEMENTS(KOHA) | |
| Koha item type | General circulation |
| Source of classification or shelving scheme | Not for loan | Location (home branch) | Sublocation (holding branch) | Date accessioned | Cost, normal purchase price | Full call number | Barcode | Cost, replacement price | Nonpublic note | Koha item type | Public note |
|---|---|---|---|---|---|---|---|---|---|---|---|
| Library of Congress Classification | Main Campus Library | Main Campus Library | 01/10/2014 | 1500.00 | QP 514.2 .B76 | 001400 | 2000.00 | Nzk | General circulation | Nzk |